000 00279nam a22001337a 4500
008 180814b xxu||||| |||| 00| 0 eng d
020 _a9780133502817
041 _aeng
080 _a541
100 _a12
101 _aKIM
245 _aCHEMISTRY
_cMCMURRY.J
942 _2udc
_cBK
999 _c47132
_d47132